Normal view
MARC view
- Mashhood Ahmad Noman Aftab Zain Aslam
Entry Personal Name
001 - CONTROL NUMBER
- control field: 127853
003 - CONTROL NUMBER IDENTIFIER
- control field: NUST
005 - DATE AND TIME OF LATEST TRANSACTION
- control field: 20250213162614.0
008 - FIXED-LENGTH DATA ELEMENTS
- fixed length control field: 250213|| aca||aabn | a|a d
040 ## - CATALOGING SOURCE
- Original cataloging agency: NUST
- Transcribing agency: NUST
100 ## - HEADING--PERSONAL NAME
- Personal name: Mashhood Ahmad Noman Aftab Zain Aslam
670 ## - SOURCE DATA FOUND
- Source citation: Work cat.: (NUST): Mashhood Ahmad Noman Aftab Zain Aslam, PR-SOF-2393-Solar Wind Hybrid Power System with Battery Storage, 2024.
